[Event "Landesliga West MV 2013/14"]
[Site "?"]
[Date "2013.10.27"]
[Round "1.1"]
[White "Hilpert, Andreas"]
[Black "Montag, Ralf"]
[Result "1/2-1/2"]
[WhiteElo "1867"]
[BlackElo "1966"]
[PlyCount "50"]
[EventType "team-tourn"]
[EventRounds "9"]
[WhiteTeam "Post SV Ludwigslust II"]
[BlackTeam "Post SV Ludwigslust"]

1. e4 c5 2. Nc3 Nc6 3. Nge2 g6 4. g3 d6 5. Bg2 Bg7 6. O-O Bd7 7. d3 Qc8 8. Be3
Bh3 9. Qd2 h5 10. Nf4 Bxg2 11. Nxg2 Nd4 12. f4 Qg4 13. Kh1 Nh6 14. Nd5 Qd7 15.
c3 Nc6 16. Bg1 f5 17. Nh4 Kf7 18. Ne3 Bf6 19. exf5 gxf5 20. Nf3 Rag8 21. Nd5 e6
22. Nxf6 Kxf6 23. d4 cxd4 24. Bxd4+ Nxd4 25. Qxd4+ Ke7 1/2-1/2

[Event "Landesliga West MV 2013/14"]
[Site "?"]
[Date "2013.10.27"]
[Round "1.3"]
[White "Fechner, Frank"]
[Black "Martensen, Helmut"]
[Result "1/2-1/2"]
[WhiteElo "1760"]
[BlackElo "1911"]
[PlyCount "20"]
[EventType "team-tourn"]
[EventRounds "9"]
[WhiteTeam "Post SV Ludwigslust II"]
[BlackTeam "Post SV Ludwigslust"]

1. c4 e5 2. g3 g6 3. Bg2 Bg7 4. Nc3 Ne7 5. d3 O-O 6. e3 c6 7. Nge2 d5 8. cxd5
cxd5 9. d4 e4 10. O-O Nbc6 1/2-1/2

[Event "Landesliga West MV 2013/14"]
[Site "?"]
[Date "2013.10.27"]
[Round "1.4"]
[White "Wiemer, Juergen"]
[Black "Moutaqi, Sandra"]
[Result "1-0"]
[WhiteElo "1840"]
[BlackElo "1746"]
[PlyCount "172"]
[EventType "team-tourn"]
[EventRounds "9"]
[WhiteTeam "Post SV Ludwigslust"]
[BlackTeam "Post SV Ludwigslust II"]

1. e4 c5 2. Nc3 Nc6 3. g3 d6 4. Bg2 Nf6 5. d3 g6 6. h3 Bg7 7. Be3 O-O 8. Qd2
Nd4 9. Nd1 Re8 10. c3 Nc6 11. Ne2 e5 12. f3 b6 13. O-O Bb7 14. Bg5 Qd7 15. Ne3
Ne7 16. c4 Nh5 17. Ng4 f5 18. Nf2 Nf6 19. Rab1 a5 20. h4 Bc8 21. Bh3 Qc7 22.
Bg2 Bb7 23. a3 Nc6 24. Rfe1 Kh8 25. Nd1 fxe4 26. dxe4 Nd4 27. Nxd4 exd4 28. Nf2
Nh5 29. g4 Nf6 30. Nd3 Ng8 31. Bf4 Be5 32. b4 axb4 33. axb4 Bxf4 34. Nxf4 Qf7
35. bxc5 bxc5 36. Rb6 Ra6 37. Reb1 Rxb6 38. Rxb6 Qc7 39. Qb2 Bc6 40. Nd3 Nf6
41. g5 Nd7 42. Rb3 Rb8 43. f4 Rxb3 44. Qxb3 Kg7 45. Nf2 Qa5 46. Qd3 Qc3 47. Bf1
Qxd3 48. Bxd3 Ba4 49. Ng4 Bd1 50. Nh6 Bh5 51. Kf2 Bd1 52. Ke1 Bf3 53. Kd2 Bh5
54. Be2 Bxe2 55. Kxe2 Kf8 56. Ng4 Ke7 57. Nf2 Ke6 58. Nd3 Nb6 59. Nb2 Nd7 60.
Kf3 Ke7 61. Kg4 Kf7 62. h5 gxh5+ 63. Kxh5 Kg7 64. Kg4 Kf7 65. Kf5 Nf8 66. Nd3
Ng6 67. e5 Ne7+ 68. Ke4 Ke6 69. exd6 Kxd6 70. f5 Nc6 71. f6 Nd8 72. Kf5 Nf7 73.
g6 hxg6+ 74. Kxg6 Nd8 75. Nf4 Kd7 76. Kg7 Ke8 77. Kg6 Nf7 78. Kf5 Kd7 79. Nd3
Kd6 80. Kg6 Nd8 81. Kg7 Ne6+ 82. Kg8 Kd7 83. f7 Ke7 84. Nxc5 Nf8 85. Kg7 d3 86.
Nxd3 Ne6+ 1-0

[Event "Landesliga West MV 2013/14"]
[Site "?"]
[Date "2013.10.27"]
[Round "1.5"]
[White "Schulz, Gerhard"]
[Black "Meier, Klaus"]
[Result "1/2-1/2"]
[WhiteElo "1679"]
[BlackElo "1850"]
[PlyCount "64"]
[EventType "team-tourn"]
[EventRounds "9"]
[WhiteTeam "Post SV Ludwigslust II"]
[BlackTeam "Post SV Ludwigslust"]

1. d4 Nf6 2. Nf3 g6 3. e3 Bg7 4. Bd3 c5 5. Nbd2 d6 6. c3 a6 7. a4 b6 8. O-O Bb7
9. Re1 Qc7 10. e4 e5 11. d5 O-O 12. c4 Bc8 13. Nf1 Nh5 14. Ne3 Nf4 15. Bf1 f5
16. g3 fxe4 17. Ng5 Nd3 18. Bxd3 exd3 19. Qxd3 Qe7 20. Ne4 Bh3 21. Qe2 Bf5 22.
Nxf5 Rxf5 23. Ra3 Nd7 24. g4 Rff8 25. Ng5 Bf6 26. Ne6 Rf7 27. Bh6 Bh4 28. Rf3
Rxf3 29. Qxf3 Qf6 30. Re3 Qxf3 31. Rxf3 Bf6 32. g5 Bh8 1/2-1/2

[Event "Landesliga West MV 2013/14"]
[Site "?"]
[Date "2013.10.27"]
[Round "1.6"]
[White "Tuchtenhagen, Harald"]
[Black "Lange, Marius"]
[Result "1/2-1/2"]
[WhiteElo "1838"]
[BlackElo "1607"]
[PlyCount "42"]
[EventType "team-tourn"]
[EventRounds "9"]
[WhiteTeam "Post SV Ludwigslust"]
[BlackTeam "Post SV Ludwigslust II"]

1. e4 e5 2. d4 exd4 3. Bc4 Nc6 4. Nf3 d6 5. O-O Be7 6. Nxd4 Nxd4 7. Qxd4 Nf6 8.
Nc3 O-O 9. h3 b6 10. Be3 Bb7 11. Rad1 Nd7 12. Nd5 Bf6 13. Nxf6+ Qxf6 14. f3 Ne5
15. Be2 Rad8 16. Qd2 Qe6 17. Qc3 c5 18. f4 Nc6 19. Bf3 Rfe8 20. a3 Na5 21. f5
Qe5 1/2-1/2

[Event "Landesliga West MV 2013/14"]
[Site "?"]
[Date "2013.10.27"]
[Round "1.7"]
[White "Fitz, Baldur"]
[Black "Mitscherling, Reinhard"]
[Result "1-0"]
[WhiteElo "1558"]
[BlackElo "1837"]
[PlyCount "67"]
[EventType "team-tourn"]
[EventRounds "9"]
[WhiteTeam "Post SV Ludwigslust II"]
[BlackTeam "Post SV Ludwigslust"]

1. d4 f5 2. c4 Nf6 3. Nc3 e6 4. Nf3 c6 5. e3 d5 6. c5 Be7 7. Be2 O-O 8. Ne5
Nbd7 9. f4 Ne4 10. Nxe4 fxe4 11. O-O Nxe5 12. fxe5 Bd7 13. Bd2 Rxf1+ 14. Qxf1
a5 15. g3 b6 16. cxb6 Qxb6 17. Bc3 c5 18. Qh3 Bg5 19. g4 Bb5 20. Bxb5 Qxb5 21.
Re1 g6 22. dxc5 Qxc5 23. Bd4 Qc4 24. b3 Qc2 25. Qg2 Rc8 26. Qf2 Qd3 27. Rf1 Kg7
28. h4 Kh6 29. hxg5+ Kxg5 30. Qf6+ Kh6 31. Qf4+ Kg7 32. g5 Qa6 33. Qf7+ Kh8 34.
Qe7 1-0

[Event "Landesliga West MV 2013/14"]
[Site "?"]
[Date "2013.10.27"]
[Round "1.8"]
[White "Emmrich, Olaf"]
[Black "Lange, Stefan"]
[Result "1/2-1/2"]
[WhiteElo "1800"]
[BlackElo "1557"]
[PlyCount "47"]
[EventType "team-tourn"]
[EventRounds "9"]
[WhiteTeam "Post SV Ludwigslust"]
[BlackTeam "Post SV Ludwigslust II"]

1. e4 d6 2. d4 Nf6 3. Bd3 g6 4. Nf3 Bg7 5. Bg5 c6 6. c3 O-O 7. Nbd2 Be6 8. Qc2
b5 9. a4 Qb6 10. axb5 cxb5 11. O-O Rc8 12. d5 Bg4 13. Qb3 a6 14. Be3 Qb7 15.
Nd4 Bd7 16. h3 Nh5 17. f4 Bxd4 18. Bxd4 a5 19. Qd1 Be8 20. Qf3 Nd7 21. f5 Ne5
22. Bxe5 dxe5 23. fxg6 Qb6+ 24. Kh2 1/2-1/2

[Event "Landesliga West MV 2013/14"]
[Site "?"]
[Date "2013.11.10"]
[Round "2.1"]
[White "Hilpert, Andreas"]
[Black "Schulz, Bernd"]
[Result "0-1"]
[WhiteElo "1486"]
[BlackElo "1828"]
[PlyCount "84"]
[EventType "team-tourn"]
[EventRounds "9"]
[WhiteTeam "Post SV Ludwigslust II"]
[BlackTeam "ASV GW Wismar II"]

1. e4 e5 2. Nf3 Nc6 3. Bc4 Bc5 4. Nc3 Nf6 5. d3 d6 6. Bg5 h6 7. Bh4 g5 8. Bg3
Bg4 9. Qd2 Bxf3 10. gxf3 Nd4 11. O-O-O Nxf3 12. Qe2 Nd4 13. Qf1 Qe7 14. f3 Bb4
15. h4 O-O-O 16. Qh3+ Qd7 17. Qxd7+ Kxd7 18. Bxf7 Bxc3 19. bxc3 Ne2+ 20. Kb2
Nxg3 21. Rh2 gxh4 22. Rxh4 Ne2 23. d4 Ke7 24. Bc4 Nf4 25. Rg1 Rh7 26. Rh2 Rdh8
27. Rd2 h5 28. Rg5 Ne6 29. Bxe6 Kxe6 30. Rdg2 h4 31. dxe5 dxe5 32. f4 exf4 33.
e5 Ne4 34. Rg6+ Kxe5 35. Re2 Kf5 36. Rg1 f3 37. Re3 Kf4 38. Rd3 f2 39. Rf1 h3
40. Rd4 Ke5 41. Rfd1 h2 42. Rd5+ Kf4 0-1

[Event "Landesliga West MV 2013/14"]
[Site "?"]
[Date "2013.11.10"]
[Round "2.2"]
[White "Junggebauer, Thomas"]
[Black "Krueger, Horst"]
[Result "0-1"]
[WhiteElo "1814"]
[BlackElo "1931"]
[PlyCount "80"]
[EventType "team-tourn"]
[EventRounds "9"]
[WhiteTeam "ASV GW Wismar II"]
[BlackTeam "Post SV Ludwigslust II"]

1. e4 {[%emt 0:00:00]} c5 {[%emt 0:00:00]} 2. Nf3 d6 3. d4 cxd4 4. Nxd4 Nf6 5.
Nc3 g6 6. Be2 Bg7 7. O-O O-O 8. Be3 Nc6 9. h3 d5 10. exd5 Nxd5 11. Nxd5 Qxd5
12. Bf3 Qc4 13. Nxc6 bxc6 14. c3 Bf5 15. Qb3 Qa6 16. Bc5 Rfe8 17. Rfe1 e5 18.
Be4 Be6 19. Qc2 f5 20. Bd3 Qa5 21. b4 Qc7 22. f3 a5 23. Qf2 e4 24. fxe4 Bxc3
25. exf5 Bxe1 26. Rxe1 Bd5 27. fxg6 Rxe1+ 28. Qxe1 hxg6 29. Qh4 axb4 30. Bd4
Qh7 31. Qg4 Qh5 32. Qd7 Bf7 33. Bc4 Qf5 34. Qxc6 Rc8 35. Bxf7+ Kxf7 36. Qb7+
Ke8 37. Qb6 Rc1+ 38. Kh2 Qf4+ 39. g3 Rc2+ 40. Kh1 Qf3+ 0-1

[Event "Landesliga West MV 2013/14"]
[Site "?"]
[Date "2013.11.10"]
[Round "2.3"]
[White "Fechner, Frank"]
[Black "Piske, Thomas"]
[Result "1/2-1/2"]
[WhiteElo "1760"]
[BlackElo "1791"]
[PlyCount "37"]
[EventType "team-tourn"]
[EventRounds "9"]
[WhiteTeam "Post SV Ludwigslust II"]
[BlackTeam "ASV GW Wismar II"]

1. c4 Nf6 {[%emt 0:00:00]} 2. g3 g6 3. Bg2 Bg7 4. Nc3 O-O 5. e4 d6 6. Nge2 e5
7. d3 Nc6 8. O-O Ne8 9. f4 f5 10. Be3 Nf6 11. h3 Be6 12. Kh2 Qd7 13. exf5 Bxf5
14. d4 exf4 15. Nxf4 Rae8 16. Qd2 Ne4 17. Nxe4 Bxe4 18. Nd5 Bxg2 19. Kxg2
1/2-1/2

[Event "Landesliga West MV 2013/14"]
[Site "?"]
[Date "2013.11.10"]
[Round "2.4"]
[White "Wagner, Prof. Bernd"]
[Black "Moutaqi, Sandra"]
[Result "1/2-1/2"]
[WhiteElo "1750"]
[BlackElo "1746"]
[PlyCount "31"]
[EventType "team-tourn"]
[EventRounds "9"]
[WhiteTeam "ASV GW Wismar II"]
[BlackTeam "Post SV Ludwigslust II"]

1. d4 d5 2. c4 e6 3. Bf4 Nf6 4. e3 Be7 5. Bd3 O-O 6. Nc3 dxc4 7. Bxc4 Nd5 8.
Bg3 Nxc3 9. bxc3 c5 10. Ne2 cxd4 11. exd4 Bd6 12. O-O Bxg3 13. Nxg3 Nd7 14. Re1
Qc7 15. Qb3 Nf6 16. Rac1 1/2-1/2

[Event "Landesliga West MV 2013/14"]
[Site "?"]
[Date "2013.11.10"]
[Round "2.5"]
[White "Schulz, Gerhard"]
[Black "Schubert, Erik"]
[Result "1/2-1/2"]
[WhiteElo "1679"]
[BlackElo "1683"]
[PlyCount "40"]
[EventType "team-tourn"]
[EventRounds "9"]
[WhiteTeam "Post SV Ludwigslust II"]
[BlackTeam "ASV GW Wismar II"]

1. d4 d5 {[%emt 0:00:00]} 2. Nf3 Nf6 3. e3 Bf5 4. c3 Nbd7 5. Bd3 Bg6 6. Qe2 e6
7. Nbd2 c5 8. O-O Bd6 9. dxc5 Nxc5 10. Bxg6 hxg6 11. Nb3 Nfd7 12. Nxc5 Bxh2+
13. Nxh2 Qh4 14. f3 Qxh2+ 15. Kf2 Qh4+ 16. Kg1 Nxc5 17. Qb5+ Nd7 18. Qxb7 Rd8
19. Qc7 Qh1+ 20. Kf2 Qh4+ 1/2-1/2

[Event "Landesliga West MV 2013/14"]
[Site "?"]
[Date "2013.11.10"]
[Round "2.6"]
[White "Quang, Luu Vinh"]
[Black "Lange, Marius"]
[Result "0-1"]
[WhiteElo "1430"]
[BlackElo "1607"]
[PlyCount "83"]
[EventType "team-tourn"]
[EventRounds "9"]
[WhiteTeam "ASV GW Wismar II"]
[BlackTeam "Post SV Ludwigslust II"]

1. e4 {[%emt 0:00:00]} e5 {[%emt 0:00:00]} 2. Nf3 {[%emt 0:00:00]} Nc6 3. Bc4
Bc5 4. d3 Nf6 5. Bg5 O-O 6. Nc3 h6 7. Bh4 Be7 8. Bxf6 Bxf6 9. Qd2 d6 10. h3 Be6
11. Bxe6 fxe6 12. Ne2 Qd7 13. O-O Rf7 14. Rad1 Raf8 15. c3 d5 16. Ng3 d4 17.
Qe2 Qd8 18. Rc1 Ne7 19. Nh5 Ng6 20. Rc2 Be7 21. Nh2 Bh4 22. Qg4 Qg5 23. Qxg5
Bxg5 24. Ng4 Rd7 25. Rfc1 Bxc1 26. Rxc1 dxc3 27. Rxc3 c6 28. Kf1 Rfd8 29. Ke2
Nf4+ 30. Nxf4 exf4 31. Ne5 Re7 32. Ng6 Kf7 33. Nxf4 g6 34. Ke3 e5 35. Ne2 b6
36. f4 Rg8 37. g4 g5 38. Rc1 Rd7 39. Rf1 Kg7 40. Ng3 Rgd8 41. Nf5+ Kg6 42. Rd1
0-1

[Event "Landesliga West MV 2013/14"]
[Site "?"]
[Date "2013.11.10"]
[Round "2.6"]
[White "Fitz, Baldur"]
[Black "Schmidtke, Wilfried"]
[Result "0-1"]
[WhiteElo "1558"]
[BlackElo "1609"]
[PlyCount "58"]
[EventType "team-tourn"]
[EventRounds "9"]
[WhiteTeam "Post SV Ludwigslust II"]
[BlackTeam "ASV GW Wismar II"]

1. d4 {[%emt 0:00:00]} Nf6 2. c4 e6 3. Nf3 b6 4. Nc3 Bb4 5. a3 Bxc3+ 6. bxc3
Bb7 7. e3 O-O 8. Bd3 d6 9. O-O Nbd7 10. Qc2 c5 11. Ng5 h6 12. Ne4 Nxe4 13. Bxe4
Bxe4 14. Qxe4 Nf6 15. Qd3 Qc7 16. e4 cxd4 17. cxd4 Rac8 18. Qg3 Nxe4 19. Qh4 f5
20. f3 Qxc4 21. fxe4 Qxd4+ 22. Qf2 Qxa1 23. Bb2 Qa2 24. Qd4 e5 25. Qxd6 Qxb2
26. Qe6+ Kh8 27. exf5 Rc2 28. Qg6 Qd4+ 29. Kh1 Rf2 0-1

[Event "Landesliga West MV 2013/14"]
[Site "?"]
[Date "2013.11.10"]
[Round "2.8"]
[White "Hung, Doan Manh"]
[Black "Lange, Stefan"]
[Result "0-1"]
[WhiteElo "1135"]
[BlackElo "1557"]
[PlyCount "56"]
[EventType "team-tourn"]
[EventRounds "9"]
[WhiteTeam "ASV GW Wismar II"]
[BlackTeam "Post SV Ludwigslust II"]

1. e4 {[%emt 0:00:00]} d6 2. d4 Nf6 3. Nc3 g6 4. Nf3 Bg7 5. Bc4 c6 6. d5 O-O 7.
Ng5 b5 8. Bb3 b4 9. Ne2 h6 10. Nf3 Nxe4 11. O-O c5 12. Bc4 a5 13. Nd2 Nf6 14.
c3 Ba6 15. Qb3 Bxc4 16. Qxc4 Nbd7 17. cxb4 axb4 18. a3 Nb6 19. Qb3 Nbxd5 20.
Nc4 Qb8 21. Bd2 bxa3 22. Qxb8 Rfxb8 23. bxa3 Ne4 24. Ra2 Nxd2 25. Rxd2 Nb6 26.
Nxb6 Rxb6 27. Re1 Rxa3 28. Nf4 Bc3 0-1

[Event "Landesliga West MV 2013/14"]
[Site "?"]
[Date "2013.11.10"]
[Round "2.1"]
[White "Rabinowitsch, Juri"]
[Black "Littke, Helmut"]
[Result "1/2-1/2"]
[WhiteElo "1844"]
[BlackElo "2019"]
[PlyCount "32"]
[EventType "team-tourn"]
[EventRounds "9"]
[WhiteTeam "SF Schwerin IV"]
[BlackTeam "ASV GW Wismar"]

1. e4 c5 2. Nf3 d6 3. d4 cxd4 4. Nxd4 Nf6 5. Nc3 a6 6. Be2 e6 7. Be3 Be7 8. O-O
O-O 9. f4 Nbd7 10. Qd2 Qc7 11. Bf3 Nb6 12. b3 Bd7 13. Nce2 d5 14. e5 Ne4 15.
Bxe4 dxe4 16. c4 f6 1/2-1/2

[Event "Landesliga West MV 2013/14"]
[Site "?"]
[Date "2013.11.10"]
[Round "2.2"]
[White "Kliewe, Hans-Juergen"]
[Black "Jung, Werner"]
[Result "1/2-1/2"]
[WhiteElo "1947"]
[BlackElo "1868"]
[PlyCount "34"]
[EventType "team-tourn"]
[EventRounds "9"]
[WhiteTeam "ASV GW Wismar"]
[BlackTeam "SF Schwerin IV"]

1. d4 f5 2. g3 Nf6 3. Bg2 g6 4. c4 Bg7 5. Nc3 O-O 6. Nh3 d6 7. d5 c6 8. O-O e5
9. dxe6 Bxe6 10. Qa4 Nbd7 11. Ng5 Qe7 12. Nxe6 Qxe6 13. Bf4 Nh5 14. e3 Nxf4 15.
exf4 Nb6 16. Qb4 Qxc4 17. Qxd6 Rfd8 1/2-1/2

[Event "Landesliga West MV 2013/14"]
[Site "?"]
[Date "2013.11.10"]
[Round "2.3"]
[White "Krueger, Gerhard"]
[Black "Stutz, Dr. Reno"]
[Result "0-1"]
[WhiteElo "1866"]
[BlackElo "1919"]
[PlyCount "74"]
[EventType "team-tourn"]
[EventRounds "9"]
[WhiteTeam "SF Schwerin IV"]
[BlackTeam "ASV GW Wismar"]

1. e4 d5 2. exd5 Nf6 3. d4 Nxd5 4. Bd3 Nb4 5. Be4 f5 6. Bf3 Qxd4 7. Qe2 e5 8.
a3 N4c6 9. Nc3 Be6 10. g3 Bc4 11. Qe3 Bc5 12. Qxd4 Bxd4 13. Nge2 e4 14. Nxd4
Nxd4 15. Bd1 Nbc6 16. b3 Ba6 17. Nd5 O-O-O 18. c4 Ne5 19. O-O Nef3+ 20. Kg2
Rxd5 21. cxd5 Bxf1+ 22. Kxf1 Rd8 23. Bb2 Rxd5 24. Bxf3 Nxf3 25. Bxg7 Nd2+ 26.
Ke2 Nxb3 27. Rd1 Rxd1 28. Kxd1 Kd7 29. Ke2 Ke6 30. Ke3 c5 31. g4 b5 32. Kf4
fxg4 33. Kxe4 Nd2+ 34. Kf4 h5 35. Bc3 Nc4 36. Kg5 Nxa3 37. Kxh5 Kf5 0-1

[Event "Landesliga West MV 2013/14"]
[Site "?"]
[Date "2013.11.10"]
[Round "2.4"]
[White "Bahr, Enrico"]
[Black "Pamperin, Gerhard"]
[Result "1/2-1/2"]
[WhiteElo "1859"]
[BlackElo "1872"]
[PlyCount "34"]
[EventType "team-tourn"]
[EventRounds "9"]
[WhiteTeam "ASV GW Wismar"]
[BlackTeam "SF Schwerin IV"]

1. d4 d5 2. Nf3 Nf6 3. Bf4 e6 4. e3 c5 5. c3 Nc6 6. Bd3 Bd6 7. Bxd6 Qxd6 8.
Nbd2 O-O 9. O-O b6 10. Re1 Bb7 11. Rc1 e5 12. dxe5 Nxe5 13. Nxe5 Qxe5 14. Qf3
Qc7 15. e4 dxe4 16. Nxe4 Bxe4 17. Bxe4 Rad8 1/2-1/2

[Event "Landesliga West MV 2013/14"]
[Site "?"]
[Date "2013.11.10"]
[Round "2.6"]
[White "Podolskiy, Alexander"]
[Black "Schmidt, Wolfgang"]
[Result "1-0"]
[WhiteElo "1846"]
[BlackElo "1648"]
[PlyCount "69"]
[EventType "team-tourn"]
[EventRounds "9"]
[WhiteTeam "ASV GW Wismar"]
[BlackTeam "SF Schwerin IV"]

1. e4 e5 2. Nf3 Nc6 3. Bc4 Bc5 4. d3 h6 5. Be3 Bxe3 6. fxe3 d6 7. a3 Nf6 8. O-O
O-O 9. Nc3 a6 10. Qe1 Ne7 11. Qg3 Kh7 12. d4 exd4 13. exd4 Ng6 14. Rad1 Qe7 15.
Bd3 Nh5 16. Qe1 Nhf4 17. Nd5 Nxd3 18. Rxd3 Qd8 19. g3 Be6 20. Ne3 f5 21. exf5
Bxf5 22. Nxf5 Rxf5 23. Qe4 Qf6 24. Ng5+ Qxg5 25. Qxf5 Qe7 26. Rdf3 Re8 27. h4
Qe4 28. Qxe4 Rxe4 29. c3 Ne7 30. Kf2 Kg6 31. Re3 Rxe3 32. Kxe3 Nf5+ 33. Kf4 c6
34. h5+ Kf6 35. Kg4 1-0

[Event "Landesliga West MV 2013/14"]
[Site "?"]
[Date "2013.11.10"]
[Round "2.7"]
[White "Focke, Adrian"]
[Black "Roeder, Phillip"]
[Result "1/2-1/2"]
[WhiteElo "1371"]
[BlackElo "1839"]
[PlyCount "37"]
[EventType "team-tourn"]
[EventRounds "9"]
[WhiteTeam "SF Schwerin IV"]
[BlackTeam "ASV GW Wismar"]

1. e4 c6 2. d4 d5 3. Nc3 dxe4 4. Nxe4 Nd7 5. Bf4 Ngf6 6. Nxf6+ Nxf6 7. Nf3 Bg4
8. Be2 Nd5 9. Bg3 Qa5+ 10. c3 e6 11. Qb3 Qb6 12. Qxb6 axb6 13. a3 b5 14. O-O h5
15. h3 Bxf3 16. Bxf3 Kd7 17. Bxd5 exd5 18. Rfe1 Be7 19. Re2 1/2-1/2

[Event "Landesliga West MV 2013/14"]
[Site "?"]
[Date "2013.11.10"]
[Round "2.2"]
[White "Arning, Norbert"]
[Black "Illgen, Alexander"]
[Result "0-1"]
[WhiteElo "1944"]
[BlackElo "1876"]
[PlyCount "116"]
[EventType "team-tourn"]
[EventRounds "9"]
[WhiteTeam "SV Malchower Schachinsel"]
[BlackTeam "Post SV Ludwigslust"]

1. e4 d6 2. d4 g6 3. f4 Bg7 4. Nf3 c5 5. c3 Qc7 6. e5 Nc6 7. Be3 cxd4 8. cxd4
Bg4 9. Nbd2 dxe5 10. dxe5 e6 11. h3 Bxf3 12. Qxf3 Nge7 13. Bb5 Qa5 14. Bxc6+
Nxc6 15. O-O O-O 16. a3 Rfd8 17. b4 Qa6 18. Ne4 b6 19. Nd6 Ne7 20. Qe4 Qa4 21.
Nb7 Rd5 22. Rfc1 Nf5 23. Bf2 Qd7 24. Nd6 Nxd6 25. exd6 Bxa1 26. Rxa1 Qxd6 27.
Bh4 Rc8 28. Bf6 Rd2 29. Rf1 Qd5 30. Qxd5 Rxd5 31. g4 Rc2 32. g5 Rdd2 33. Re1
Rg2+ 34. Kh1 Rh2+ 35. Kg1 Rcg2+ 36. Kf1 Rh1+ 37. Kxg2 Rxe1 38. a4 Re4 39. a5
Rxb4 40. axb6 axb6 41. Kf3 Kf8 42. Kg4 Ke8 43. h4 Kd7 44. h5 Kc6 45. h6 Rb3 46.
Be5 Kd5 47. Bf6 Ke4 48. Be5 b5 49. Bf6 Rf3 50. Be5 b4 51. Bd6 b3 52. Be5 Rxf4+
53. Bxf4 b2 54. Bg3 b1=Q 55. Kh3 Kf3 56. Be5 Qh1+ 57. Bh2 Qg2+ 58. Kh4 Qg4# 0-1

[Event "Landesliga West MV 2013/14"]
[Site "?"]
[Date "2013.11.10"]
[Round "2.3"]
[White "Wiemer, Juergen"]
[Black "Schmidt, Joerg"]
[Result "0-1"]
[WhiteElo "1840"]
[BlackElo "1897"]
[PlyCount "114"]
[EventType "team-tourn"]
[EventRounds "9"]
[WhiteTeam "Post SV Ludwigslust"]
[BlackTeam "SV Malchower Schachinsel"]

1. e4 g6 2. d4 Bg7 3. f4 d6 4. Nf3 c6 5. Be2 Nf6 6. Nc3 Nbd7 7. e5 Nd5 8. Nxd5
cxd5 9. exd6 exd6 10. c3 O-O 11. Qb3 Nf6 12. O-O Qc7 13. Bd3 Bd7 14. Bd2 Rae8
15. Rae1 Bc6 16. f5 Ne4 17. Bc1 Kh8 18. Qc2 b5 19. Nd2 Nf6 20. fxg6 fxg6 21.
Nf3 Ne4 22. Ng5 Qe7 23. Qe2 a6 24. Qg4 Rxf1+ 25. Rxf1 Bf6 26. Nf3 Rf8 27. Ne1
Bd7 28. Qe2 Re8 29. Bf4 Bf5 30. Qc2 Qe6 31. Nf3 Kg7 32. Bc1 h6 33. Re1 Qc8 34.
Qe2 Re7 35. Qd1 g5 36. Re2 Qe8 37. Ne1 Bg6 38. Bd2 Rf7 39. Nf3 g4 40. Ne1 Qf8
41. Bxe4 Bxe4 42. Nc2 Bh4 43. g3 Be7 44. Bf4 Bg5 45. Qe1 Bxf4 46. gxf4 Rxf4 47.
Ne3 Qf6 48. Nf1 Rf3 49. Ne3 h5 50. Rf2 Kg6 51. Nf1 Qf4 52. Nd2 Rxf2 53. Qxf2
Kf5 54. Nf1 Qxf2+ 55. Kxf2 Kf4 56. Ng3 Bg6 57. Nf1 h4 0-1

[Event "Landesliga West MV 2013/14"]
[Site "?"]
[Date "2013.11.10"]
[Round "2.4"]
[White "Hertel-Mach, Frank"]
[Black "Meier, Klaus"]
[Result "1/2-1/2"]
[WhiteElo "1798"]
[BlackElo "1850"]
[PlyCount "67"]
[EventType "team-tourn"]
[EventRounds "9"]
[WhiteTeam "SV Malchower Schachinsel"]
[BlackTeam "Post SV Ludwigslust"]

1. e4 c5 2. f4 Nc6 3. Nf3 d5 4. exd5 Qxd5 5. Nc3 Qd6 6. d3 Bf5 7. Be2 e6 8. Ne4
Bxe4 9. dxe4 Qxd1+ 10. Bxd1 Nf6 11. e5 Nd5 12. a3 b5 13. a4 b4 14. Be2 Be7 15.
Bd2 Bd8 16. O-O Bb6 17. Kh1 O-O 18. Bd3 Na5 19. b3 Rac8 20. f5 g6 21. fxe6 fxe6
22. Ng5 Rxf1+ 23. Rxf1 Re8 24. Bb5 Re7 25. Nxe6 Rxe6 26. Bh6 Nf6 27. exf6 Kf7
28. g4 Rxf6 29. Be8+ Ke6 30. Re1+ Kd5 31. Kg2 c4 32. Rd1+ Ke6 33. Re1+ Kd5 34.
Rd1+ 1/2-1/2

[Event "Landesliga West MV 2013/14"]
[Site "?"]
[Date "2013.11.10"]
[Round "2.5"]
[White "Tuchtenhagen, Harald"]
[Black "Kuehn, Peter"]
[Result "0-1"]
[WhiteElo "1838"]
[BlackElo "1798"]
[PlyCount "60"]
[EventType "team-tourn"]
[EventRounds "9"]
[WhiteTeam "Post SV Ludwigslust"]
[BlackTeam "SV Malchower Schachinsel"]

1. e4 c5 2. Bc4 e6 3. c3 d5 4. exd5 exd5 5. Bb3 Nf6 6. Ne2 Bd6 7. O-O O-O 8. d4
c4 9. Bc2 Bg4 10. f3 Bh5 11. Nf4 Bg6 12. Bxg6 hxg6 13. b3 Qc7 14. g3 Nbd7 15.
bxc4 dxc4 16. Na3 a6 17. Ne2 Nd5 18. Nc2 Rfe8 19. Bd2 Re7 20. Kf2 Rae8 21. Ng1
N7f6 22. Re1 Nh5 23. Rxe7 Bxg3+ 24. hxg3 Qxg3+ 25. Kf1 Rxe7 26. Be1 Qh2 27. Bf2
Nhf4 28. Ne1 Rxe1+ 29. Kxe1 Nd3+ 30. Kd2 Qf4+ 0-1

[Event "Landesliga West MV 2013/14"]
[Site "?"]
[Date "2013.11.10"]
[Round "2.6"]
[White "Fechner, Henrik"]
[Black "Mitscherling, Reinhard"]
[Result "1/2-1/2"]
[WhiteElo "1771"]
[BlackElo "1837"]
[PlyCount "64"]
[EventType "team-tourn"]
[EventRounds "9"]
[WhiteTeam "SV Malchower Schachinsel"]
[BlackTeam "Post SV Ludwigslust"]

1. e4 e5 2. Nf3 Nc6 3. Bc4 Nf6 4. d3 Be7 5. Nc3 O-O 6. O-O d6 7. Nd5 Nxd5 8.
Bxd5 Bg4 9. h3 Bh5 10. Be3 Qd7 11. g4 Bg6 12. Ne1 Nd8 13. Ng2 c6 14. Bb3 d5 15.
f3 Ne6 16. Qe1 Nc5 17. Nh4 Nxb3 18. axb3 Qd8 19. Nf5 Bxf5 20. gxf5 d4 21. Bd2
Bh4 22. Qe2 Bg5 23. f4 exf4 24. Bxf4 h6 25. Qg4 f6 26. h4 Bxf4 27. Qxf4 a6 28.
Rae1 Re8 29. Re2 Kh7 30. Rg2 Re7 31. Kh1 Qc7 32. Qxc7 Rxc7 1/2-1/2

[Event "Landesliga West MV 2013/14"]
[Site "?"]
[Date "2013.11.10"]
[Round "2.7"]
[White "Emmrich, Olaf"]
[Black "Reeps, Rickert"]
[Result "1/2-1/2"]
[WhiteElo "1800"]
[BlackElo "1670"]
[PlyCount "106"]
[EventType "team-tourn"]
[EventRounds "9"]
[WhiteTeam "Post SV Ludwigslust"]
[BlackTeam "SV Malchower Schachinsel"]

1. e4 c5 2. Nf3 Nc6 3. Bc4 e6 4. O-O d6 5. c3 Nf6 6. Re1 Be7 7. d4 d5 8. exd5
Nxd5 9. dxc5 O-O 10. Bxd5 exd5 11. Be3 Bg4 12. Bd4 Re8 13. Nbd2 Qc7 14. Nf1
Rad8 15. Ne3 Bh5 16. Nf5 Bf8 17. Rxe8 Rxe8 18. Ng3 Bg4 19. h3 Bc8 20. b4 f6 21.
Qd2 Be6 22. Nh5 Qd8 23. Re1 Bf7 24. Rxe8 Bxe8 25. Nf4 Bf7 26. Qe1 Qd7 27. Be3
g5 28. Nd3 h6 29. Nd4 Ne7 30. Qd2 Ng6 31. f4 Ne7 32. fxg5 hxg5 33. Qf2 Bg7 34.
h4 gxh4 35. Qxh4 Bg6 36. Nf4 Be4 37. Nh5 Kf7 38. Qg3 Bf8 39. Qh4 Bg7 40. Bh6
Ng6 41. Qf2 Bxh6 42. Qxf6+ Ke8 43. Ne6 Qe7 44. Nhg7+ Bxg7 45. Nxg7+ Kd7 46.
Qxe7+ Kxe7 47. Kf2 Nf4 48. g3 Kf7 49. gxf4 Kxg7 50. Ke3 Kf6 51. Kd4 Kf5 52. b5
Ke6 53. a4 a5 1/2-1/2